| 000 | 00450nam a22001697a 4500 | ||
|---|---|---|---|
| 003 | SGT | ||
| 020 | _a9789388022804 | ||
| 082 |
_a616.01 _bR23B |
||
| 100 | _aBAREJA, RAJESH | ||
| 245 | _aRB'S NOTES ON MEDICAL MICROBIOLOGY WITH PRACTICAL FOR BOTT | ||
| 250 | _a1ST | ||
| 260 |
_aINDIA _bINNOVATIVE PUB _c2023 |
||
| 300 | _a340 | ||
| 650 | _aMICROBIOLOGY | ||
| 653 | _aRB'S NOTES ON MEDICAL MICROBIOLOGY WITH PRACTICAL FOR BOTT | ||
| 942 |
_2ddc _cBK |
||
| 999 |
_c33390 _d33390 |
||